The Arctic code #1 / Matthew J. Kirby.
Available copies
- 1 of 1 copy available at LARL/NWRL Consortium.
- 1 of 1 copy available at Lake Agassiz Regional Library. (Show preferred library)
Current holds
0 current holds with 1 total copy.
Show Only Available Copies
| Location | Call Number / Copy Notes | Barcode | Shelving Location | Status | Due Date |
|---|---|---|---|---|---|
| Moorhead Public Library | J KIR (Text) | 33500012055513 | Main | Available | - |
Record details
- ISBN: 9780062224873 (hardcover : alk. paper)
- ISBN: 0062224875 (hardcover : alk. paper)
- Physical Description: pages cm.
- Edition: First edition.
- Publisher: New York, NY : Balzer + Bray, an imprint of HarperCollinsPublishers, [2015]
Content descriptions
| Summary, etc.: | The Earth is in the grip of a new Ice Age, and ... Read More |
Search for related items by subject
| Genre: | Science fiction. Adventure fiction. Fiction. Juvenile works. |
Search for related items by series
| LDR | 02665cam a22006378i 4500 | ||
|---|---|---|---|
| 001 | 177851 | ||
| 003 | LARL_NWRL_CONSORTIUM | ||
| 005 | 20150402095030.0 | ||
| 008 | 140908s2015 nyu c 000 1 eng c | ||
| 010 | . | ‡a2014030622 | |
| 019 | . | ‡a885909594 | |
| 020 | . | ‡a9780062224873 (hardcover : alk. paper) | |
| 020 | . | ‡a0062224875 (hardcover : alk. paper) | |
| 035 | . | ‡a(OCoLC)890310108 ‡z(OCoLC)885909594 | |
| 040 | . | ‡aNJQ/DLC ‡beng ‡erda ‡cZQP ‡dDLC ‡dOCLCO ‡dYDXCP ‡dBTCTA ‡dBDX ‡dOCLCF | |
| 042 | . | ‡alcac ‡apcc | |
| 050 | 0 | 0. | ‡aPZ7.K633528 ‡bAr 2015 |
| 082 | 0 | 4. | ‡a[Fic] ‡223 |
| 082 | 0 | 4. | ‡a813.6 ‡223 |
| 100 | 1 | . | ‡aKirby, Matthew J., ‡d1976- ‡eauthor. ‡0(LARL_NWRL_CONSORTIUM)220828 |
| 245 | 1 | 4. | ‡aThe Arctic code ‡n#1 / ‡cMatthew J. Kirby. |
| 250 | . | ‡aFirst edition. | |
| 260 | . | ‡aNew York, NY : ‡bBalzer + Bray, an imprint of HarperCollinsPublishers, ‡c[2015] | |
| 300 | . | ‡apages cm. | |
| 336 | . | ‡atext ‡2rdacontent | |
| 337 | . | ‡aunmediated ‡2rdamedia | |
| 338 | . | ‡avolume ‡2rdacarrier | |
| 490 | 0 | . | ‡aDark gravity sequence ; ‡v1 |
| 520 | . | ‡aThe Earth is in the grip of a new Ice Age, and when twelve-year-old Eleanor's scientist mother disappears in the Arctic, Eleanor sets off on a dangerous journey to find her--and uncovers a mystery, a crime, and evidence that Earth has been visited by extraterrestrials. | |
| 650 | 0. | ‡aGlacial epoch ‡vJuvenile fiction. | |
| 650 | 0. | ‡aScientists ‡vJuvenile fiction. | |
| 650 | 0. | ‡aMothers and daughters ‡vJuvenile fiction. ‡0(LARL_NWRL_CONSORTIUM)173483 | |
| 650 | 0. | ‡aAdventure stories. ‡0(LARL_NWRL_CONSORTIUM)12829 | |
| 650 | 0. | ‡aExtraterrestrial beings ‡vJuvenile fiction. | |
| 650 | 1. | ‡aScience fiction. ‡0(LARL_NWRL_CONSORTIUM)30394 | |
| 650 | 1. | ‡aGlacial epoch ‡vFiction. ‡0(LARL_NWRL_CONSORTIUM)169118 | |
| 650 | 1. | ‡aScientists ‡vFiction. ‡0(LARL_NWRL_CONSORTIUM)167254 | |
| 650 | 1. | ‡aMothers and daughters ‡vFiction. ‡0(LARL_NWRL_CONSORTIUM)166030 | |
| 650 | 1. | ‡aAdventure and adventurers ‡vFiction. ‡0(LARL_NWRL_CONSORTIUM)175858 | |
| 650 | 1. | ‡aExtraterrestrial beings ‡vFiction. ‡0(LARL_NWRL_CONSORTIUM)172215 | |
| 650 | 7. | ‡aAdventure stories. ‡2fast ‡0(LARL_NWRL_CONSORTIUM)12829 | |
| 650 | 7. | ‡2fast ‡aExtraterrestrial beings ‡0(LARL_NWRL_CONSORTIUM)162723 | |
| 650 | 7. | ‡aGlacial epoch. ‡2fast ‡0(LARL_NWRL_CONSORTIUM)21257 | |
| 650 | 7. | ‡aMothers and daughters. ‡2fast ‡0(LARL_NWRL_CONSORTIUM)26128 | |
| 650 | 7. | ‡2fast ‡aScientists ‡0(LARL_NWRL_CONSORTIUM)30415 | |
| 655 | 7. | ‡aScience fiction. ‡2gsafd | |
| 655 | 7. | ‡aAdventure fiction. ‡2gsafd | |
| 655 | 7. | ‡aFiction. ‡2fast | |
| 655 | 7. | ‡aJuvenile works. ‡2fast | |
| 948 | . | ‡hNO HOLDINGS IN LAL - 21 OTHER HOLDINGS | |
| 994 | . | ‡aZ0 ‡bLAL | |
| 901 | . | ‡a177851 ‡bOCLC ‡c177851 ‡tbiblio | |

Add to basket
Permalink
Enable Highlighting